Ambroise Thomas ou la tentation du lyrique / (Record no. 125536)
[ view plain ]
| 000 -LEADER | |
|---|---|
| campo de control de longitud fija | 00690nam a2200217 i 4500 |
| 001 - NÚMERO DE CONTROL | |
| campo de control | 125536 |
| 003 - IDENTIFICADOR DE NÚMERO DE CONTROL | |
| campo de control | ES-MaACL |
| 005 - FECHA Y HORA DE LA ÚLTIMA TRANSACCIÓN | |
| campo de control | 20230906192641.0 |
| 007 - CAMPO FIJO DE DESCRIPCIÓN FÍSICA--INFORMACIÓN GENERAL | |
| campo de control de longitud fija | t| |
| 008 - DATOS DE LONGITUD FIJA--INFORMACIÓN GENERAL | |
| campo de control de longitud fija | 070618s1994 fr ||||1| fre d |
| 020 ## - NÚMERO INTERNACIONAL ESTÁNDAR DEL LIBRO | |
| Número Internacional Estándar del Libro | 2-87823-041-8 |
| 080 ## - NÚMERO DE LA CLASIFICACIÓN DECIMAL UNIVERSAL | |
| Número de la Clasificación Decimal Universal | 929 Thomas, Ambroise |
| 100 1# - ENTRADA PRINCIPAL--NOMBRE DE PERSONA | |
| Nombre de persona | Rogeboz-Malfroy, Elisabeth. |
| 9 (RLIN) | 98923 |
| 245 10 - MENCIÓN DEL TÍTULO | |
| Título | Ambroise Thomas ou la tentation du lyrique / |
| Mención de responsabilidad, etc. | Elisabeth Rogeboz-Malfroy. |
| 260 ## - PUBLICACIÓN, DISTRIBUCIÓN, ETC. | |
| Lugar de publicación, distribución, etc. | Besançon : |
| Nombre del editor, distribuidor, etc. | Cêtre, |
| Fecha de publicación, distribución, etc. | [1994] |
| 300 ## - DESCRIPCIÓN FÍSICA | |
| Extensión | 327 p. ; |
| Dimensiones | 24 cm. |
| 500 ## - NOTA GENERAL | |
| Materiales especificados | Biblioteca Jacinto Martínez Lacalle |
| 595 ## - | |
| -- | Bibliografía e índice: p. 303-324. |
| 600 14 - PUNTO DE ACCESO ADICIONAL DE MATERIA--NOMBRE DE PERSONA | |
| Nombre de persona | Thomas, Ambroise- |
| Subdivisión general | Biografías. |
| 9 (RLIN) | 109995 |
| 852 ## - LOCALIZACIÓN | |
| Ubicación | ES-MaACL |
| Número de control de estantería | E-11707 |
| Sublocalización o colección | R.139769 |
| Estatus retirado | Estado de pérdida | Estado de daño | No para préstamo | Biblioteca de origen | Biblioteca actual | Ubicación en estantería | Fecha de adquisición | Fuente de adquisición | Total de préstamos | Signatura topográfica completa | Código de barras | Visto por última vez | Precio de reemplazo | Tipo de ítem Koha |
|---|---|---|---|---|---|---|---|---|---|---|---|---|---|---|
| Biblioteca del Ateneo de Madrid | Biblioteca del Ateneo de Madrid | Depósito 2 | 17/01/2008 | E-11707 | 1130775 | 23/02/2023 | 23/02/2023 | Libro impreso |
